El mundo antiguo /
Guardado en:
| Autor Principal: | |
|---|---|
| Formato: | Libro |
| Publicado: |
Argentina :
Eudeba,
1977
|
| Edición: | 4 |
| Series: | Lectores de Eudeba, 66
|
| Materias: | |
| Etiquetas: |
Agregar Etiqueta
Sin Etiquetas, Sea el primero en etiquetar este registro!
|
| LEADER | 00547nam a22002055a 4500 | ||
|---|---|---|---|
| 001 | CEM.cems002940 | ||
| 005 | 19000101000000.0 | ||
| 008 | 130507s1977##################000#0#####d | ||
| 003 | CEMS | ||
| 082 | 0 | 4 | |a 930 |
| 100 | 1 | |a Glover, T. R. | |
| 245 | 1 | 0 | |a El mundo antiguo / |c T. R. Glover |
| 250 | |a 4 | ||
| 260 | |a Argentina : |b Eudeba, |c 1977 | ||
| 300 | |a 391 p. | ||
| 490 | 0 | |a Lectores de Eudeba, 66 | |
| 653 | |a Historia | ||
| 653 | |a Historia antigua y medieval | ||
| 653 | |a Historia judia | ||
| 859 | |a CEMS |b BIB. CEMS - 11 de abril |h 930 |i G51a4 |p 7716.80 |t Ej.1 | ||
